000 00738nam a2200205 a 4500
001 000046571
005 20240530073923.0
008 150826s2016 dr 000 f spa d
040 _aDO-SdBNP
_bspa
_cBNPHU
082 _aRD863.44
_bT266e
100 1 _aTejada E., Inés María
_943553
245 1 0 _aEn la caverna del hombre equivocado :
_btransferencia y contra-transferencia en el alto manhattan /
_cInés María Tejada E.
260 _aSanto Domingo :
_b[s.n.],
_c2016.
300 _a264 p. ;
_c22 cm.
590 _aLa biblioteca posee 1 ejemplar autografiado por el autor
590 _aInventariado, 2020 /LP
650 0 _aNovela dominicana
_9223
650 0 _aLiteratura dominicana.
_967
910 _aValidado. Control de calidad MFF
999 _c46060
_d46060